[Event "Pohár města Říčany 2018"]
[Site "Městské kulturní středisko"]
[Date "2019.08.24"]
[Round "1.3"]
[White "Petr, Jakub"]
[Black "Salac, Jiri"]
[Result "1/2-1/2"]
[WhiteElo "2307"]
[BlackElo "1881"]
[PlyCount "115"]
[EventDate "2019.08.24"]

1. e4 c5 2. Nf3 d6 3. d4 cxd4 4. Nxd4 Nf6 5. Nc3 a6 6. Bg5 e6 7. f4 Be7 8. Qf3
Qc7 9. O-O-O Nbd7 10. g4 b5 11. Bxf6 Nxf6 12. g5 Nd7 13. Bh3 b4 14. Nce2 Nc5
15. Nb3 a5 16. Nxc5 dxc5 17. Kb1 a4 18. f5 a3 19. fxe6 O-O 20. Qf4 Qxf4 21.
Nxf4 Bxg5 22. Nd5 fxe6 23. Nc7 Ra7 24. Bxe6+ Kh8 25. Nb5 Re7 26. Bxc8 Rxc8 27.
Nd6 Ra8 28. b3 g6 29. Rhf1 Kg7 30. Rg1 Kh6 31. Rd3 Rf8 32. c4 Rf4 33. Rh3+ Bh4
34. Rg2 Re6 35. e5 Kh5 36. Re2 Kg4 37. Rd3 Rf1+ 38. Kc2 Ra1 39. Re4+ Kh5 40.
Rh3 Rxa2+ 41. Kb1 Rb2+ 42. Ka1 g5 43. Nf5 Kg6 44. Nxh4+ gxh4 45. Rhxh4 h5 46.
Re3 Rg2 47. h3 Kg5 48. Rhe4 Rf2 49. Rg3+ Kf5 50. Rh4 Kxe5 51. Rxh5+ Kf4 52.
Rg4+ Kf3 53. Rf5+ Ke2 54. Rxf2+ Kxf2 55. Rg5 Re3 56. Rxc5 Rxh3 57. Rb5 Rxb3 58.
c5 1/2-1/2

[Event "Pohár města Říčany 2018"]
[Site "Městské kulturní středisko"]
[Date "2019.08.24"]
[Round "1.5"]
[White "Vojta, Jakub"]
[Black "Svetly, Jiri"]
[Result "0-1"]
[WhiteElo "2256"]
[BlackElo "1871"]
[PlyCount "90"]
[EventDate "2019.08.24"]

1. e4 d6 2. d4 Nf6 3. Nc3 g6 4. f3 Bg7 5. Be3 O-O 6. Qd2 e5 7. Nge2 c6 8. O-O-O
Nbd7 9. h4 h5 10. Bh6 b5 11. g4 b4 12. Nb1 a5 13. Bxg7 Kxg7 14. g5 Ng8 15. Bh3
Qc7 16. Bxd7 Bxd7 17. dxe5 d5 18. f4 Bg4 19. exd5 cxd5 20. Rde1 Ne7 21. Nd4 Be6
22. Rh2 Nf5 23. Nxe6+ fxe6 24. Qd3 Rfc8 25. Nd2 Nd4 26. Nf3 Nxf3 27. Qxf3 Qc4
28. f5 gxf5 29. Qxh5 Rh8 30. Qf3 Qxa2 31. h5 Qa1+ 32. Kd2 Qxb2 33. h6+ Kf8 34.
g6 Rc8 35. Qd3 Rc3 36. g7+ Kg8 37. gxh8=Q+ Kxh8 38. Rh3 Rxd3+ 39. Rxd3 Kh7 40.
Re2 a4 41. Rg2 b3 42. Rg7+ Kxh6 43. Rc7 Qxe5 44. Rh3+ Kg5 45. Rch7 Qf4+ 0-1

[Event "Pohár města Říčany 2018"]
[Site "Městské kulturní středisko"]
[Date "2019.08.24"]
[Round "1.15"]
[White "Hadzala, Daniel"]
[Black "Dome, Michal"]
[Result "1/2-1/2"]
[WhiteElo "2047"]
[BlackElo "1799"]
[PlyCount "85"]
[EventDate "2019.08.24"]

1. Nf3 d5 2. g3 Nf6 3. Bg2 c6 4. O-O Bf5 5. d3 e6 6. Nbd2 Be7 7. Qe1 Nbd7 8. e4
dxe4 9. dxe4 Bg6 10. Qe2 Qc7 11. a3 O-O 12. b3 Ne5 13. Bb2 Nxf3+ 14. Bxf3 Nd7
15. Nc4 b5 16. Ne3 Bf6 17. Bxf6 Nxf6 18. Ng2 e5 19. Nh4 Rad8 20. a4 a6 21. Nf5
Bxf5 22. exf5 Rfe8 23. axb5 axb5 24. Qe3 e4 25. Be2 Qe5 26. Ra6 Rd6 27. Rd1
Rxd1+ 28. Bxd1 Qxf5 29. Be2 Qd7 30. c4 bxc4 31. Bxc4 Nd5 32. Qd4 Nf6 33. Qxd7
Nxd7 34. Rxc6 Ne5 35. Rc7 Nxc4 36. bxc4 g6 37. Kf1 e3 38. fxe3 Rxe3 39. Kf2 Rc3
40. h3 h5 41. h4 Kg7 42. c5 Kf6 43. c6 1/2-1/2

[Event "Pohár města Říčany 2018"]
[Site "Městské kulturní středisko"]
[Date "2019.08.24"]
[Round "1.17"]
[White "Vavrinec, Tomas"]
[Black "Kalvach, Ladislav"]
[Result "1-0"]
[WhiteElo "1994"]
[BlackElo "1784"]
[PlyCount "71"]
[EventDate "2019.08.24"]

1. c4 e5 2. Nc3 Nf6 3. g3 d5 4. cxd5 Nxd5 5. Bg2 Nb6 6. Nf3 Nc6 7. O-O Be7 8.
d3 O-O 9. Be3 Be6 10. Ne4 Nd5 11. Bc5 f6 12. Rc1 b6 13. Bxe7 Ncxe7 14. d4 Bf5
15. Nc3 Nxc3 16. bxc3 Qd6 17. Qa4 Bd7 18. Qa6 e4 19. Nd2 f5 20. Nc4 Qd5 21. Ne5
Be6 22. f3 c5 23. e3 cxd4 24. cxd4 Rfc8 25. fxe4 fxe4 26. Nd3 Qg5 27. Nf4 Rxc1
28. Rxc1 Rf8 29. Bxe4 h5 30. Qd3 Bxa2 31. d5 Qg4 32. d6 Nf5 33. Bxf5 Rxf5 34.
d7 h4 35. d8=Q+ Rf8 36. Qxh4 1-0

[Event "Pohár města Říčany 2018"]
[Site "Městské kulturní středisko"]
[Date "2019.08.24"]
[Round "1.18"]
[White "Ocelak, Jakub"]
[Black "Holub, Milan"]
[Result "0-1"]
[WhiteElo "1781"]
[BlackElo "1988"]
[PlyCount "120"]
[EventDate "2019.08.24"]

1. d4 Nf6 2. c4 e6 3. g3 Bb4+ 4. Bd2 Be7 5. Bg2 O-O 6. Nc3 d5 7. Qb3 Nc6 8.
cxd5 Nxd4 9. Qd1 exd5 10. Bg5 Ne6 11. Bxf6 Bxf6 12. Qxd5 Bxc3+ 13. bxc3 Qf6 14.
Qf3 Qe5 15. Nh3 Nc5 16. Nf4 Bd7 17. O-O Bc6 18. Qh5 Qxh5 19. Nxh5 Bxg2 20. Kxg2
Rfe8 21. e3 Re6 22. Rfd1 Ra6 23. Rd5 Ne6 24. Rb1 b6 25. Rb2 Ra3 26. Rc2 Kf8 27.
Nf4 Nxf4+ 28. gxf4 Ke7 29. c4 c6 30. Re5+ Kf8 31. c5 b5 32. Rd2 Re8 33. Rd6
Rxe5 34. fxe5 Rxa2 35. Rxc6 b4 36. Rc8+ Ke7 37. Rb8 a5 38. c6 Rc2 39. Rb5 Rxc6
40. Rxa5 Rb6 41. Ra2 b3 42. Rb2 Ke6 43. f4 Kd5 44. Kf3 Kc4 45. Ke4 Kc3 46. Rb1
Kc2 47. Rg1 b2 48. Rg2+ Kc3 49. Rg1 b1=Q+ 50. Rxb1 Rxb1 51. f5 Kc4 52. e6 f6
53. Kf4 Kd5 54. h3 Rb4+ 55. Kf3 Ke5 56. e7 Rb8 57. Kg4 Re8 58. e4 Kxe4 59. h4
Rxe7 60. Kh5 Re5 0-1

[Event "Pohár města Říčany 2018"]
[Site "Městské kulturní středisko"]
[Date "2019.08.24"]
[Round "1.19"]
[White "Krizek, Krystof"]
[Black "Nemecek, Lukas"]
[Result "1-0"]
[WhiteElo "1984"]
[BlackElo "1778"]
[PlyCount "109"]
[EventDate "2019.08.24"]

1. e4 c5 2. Nf3 Nc6 3. Bb5 g6 4. Bxc6 bxc6 5. O-O Bg7 6. c3 d6 7. d4 cxd4 8.
cxd4 Nf6 9. Re1 O-O 10. Nc3 Rb8 11. e5 Nd5 12. Qa4 Qb6 13. Bg5 Rb7 14. exd6
exd6 15. Nxd5 cxd5 16. b3 Bg4 17. Rad1 Bxf3 18. gxf3 Rc7 19. Re8 Qc6 20. Qxc6
Rxc6 21. Re7 h6 22. Bf4 g5 23. Bg3 f5 24. f4 Rf7 25. Re6 g4 26. Bh4 Ra6 27. Rd2
Rc6 28. Be7 Kh7 29. Kg2 Rb6 30. Kg3 Rb4 31. Bxd6 Rxd4 32. Rxd4 Bxd4 33. Be5 Bc5
34. Rc6 Ba3 35. Bd4 a5 36. Kh4 Be7+ 37. Kh5 Bf8 38. Rc8 Bg7 39. Bxg7 Kxg7 40.
Rd8 Rc7 41. Rxd5 Rc2 42. Rxf5 Rxa2 43. Kxg4 Rxf2 44. Rxa5 Rxh2 45. b4 Rb2 46.
Rb5 Rb1 47. Kf5 Rb2 48. Rb7+ Kf8 49. Kf6 Ke8 50. Kg6 Rf2 51. f5 Rf4 52. f6 h5
53. f7+ Kf8 54. Rb8+ Ke7 55. Re8+ 1-0

[Event "Pohár města Říčany 2018"]
[Site "Městské kulturní středisko"]
[Date "2019.08.24"]
[Round "1.20"]
[White "Matys, Jakub"]
[Black "Petras, Milan"]
[Result "1/2-1/2"]
[WhiteElo "1772"]
[BlackElo "1981"]
[PlyCount "190"]
[EventDate "2019.08.24"]

1. d4 Nf6 2. Nf3 g6 3. c4 Bg7 4. g3 O-O 5. Bg2 d6 6. Nc3 Nbd7 7. O-O e5 8. e4
exd4 9. Nxd4 Re8 10. Be3 Ne5 11. b3 Neg4 12. Qd2 Nxe3 13. Qxe3 a6 14. Rad1 Bd7
15. Rfe1 Rb8 16. Qd3 Qc8 17. Nd5 b5 18. Nxf6+ Bxf6 19. cxb5 axb5 20. Nc2 b4 21.
a4 Be6 22. Ne3 Bc3 23. Nd5 Bxd5 24. Qxd5 Bxe1 25. Rxe1 Re5 26. Qd4 Rc5 27. Bf1
Qe6 28. Bc4 Qe5 29. Qd1 Kg7 30. Re3 h5 31. h4 Ra5 32. Qc1 Rc5 33. Qd1 f6 34.
Kg2 Ra8 35. Qd2 Rb8 36. Qd1 Qe7 37. Qd4 Qe5 38. Qd1 Ra5 39. Qc1 Ra7 40. Bd5 c5
41. Qc4 Qd4 42. Qc2 Re8 43. Rd3 Qe5 44. Re3 Ree7 45. f4 Qd4 46. Rd3 Qa1 47. Rd1
Qc3 48. Qxc3 bxc3 49. Rc1 f5 50. Kf3 fxe4+ 51. Bxe4 Red7 52. Bd5 Re7 53. Be4
Kf6 54. Rxc3 Rad7 55. Rd3 Rd8 56. Bc6 Ra7 57. Rd5 Re7 58. Rd1 Kg7 59. a5 Ra7
60. Ra1 Rb8 61. Bd5 Rb5 62. a6 Rb6 63. Bc4 d5 64. Bxd5 Raxa6 65. Re1 Kf6 66.
Bc4 Ra2 67. Re5 Rc6 68. Re8 Rc7 69. Rf8+ Kg7 70. Rg8+ Kh7 71. Re8 Rc2 72. Re5
Rc3+ 73. Re3 Rxe3+ 74. Kxe3 Rd7 75. Kf3 Kg7 76. g4 hxg4+ 77. Kxg4 Kf6 78. Kg3
Rd1 79. Be2 Rd2 80. Ba6 Rd1 81. Be2 Rb1 82. Bc4 Rg1+ 83. Kf3 Rh1 84. Kg4 Rh2
85. Kg3 Rd2 86. Kg4 Rd6 87. Bb5 Ke6 88. Bc4+ Ke7 89. Kg5 Kf8 90. h5 gxh5 91.
Kxh5 Ke7 92. Kg5 Rd1 93. Kf5 Kd6 94. Kf6 Rh1 95. f5 Rg1 1/2-1/2

[Event "Pohár města Říčany 2018"]
[Site "Městské kulturní středisko"]
[Date "2019.08.24"]
[Round "1.22"]
[White "Day, Tobias"]
[Black "Stojkovic, Andreja"]
[Result "1-0"]
[WhiteElo "1761"]
[BlackElo "1968"]
[PlyCount "91"]
[EventDate "2019.08.24"]

1. e4 c5 2. Nf3 Nf6 3. Nc3 Nc6 4. Bb5 Nd4 5. e5 Nxb5 6. Nxb5 Nd5 7. Nc3 Nxc3 8.
dxc3 e6 9. Bf4 Be7 10. Qd3 O-O 11. O-O-O a5 12. c4 a4 13. a3 Ra6 14. Nd2 f5 15.
Nb1 g5 16. Bd2 d5 17. Qg3 f4 18. Qg4 Qc7 19. Rde1 d4 20. h4 Rf5 21. hxg5 Rxe5
22. g6 Rxe1+ 23. Bxe1 h6 24. Rxh6 Bf6 25. Nd2 e5 26. Qh5 Bg7 27. Rh7 Qe7 28.
Ne4 Bd7 29. f3 Be8 30. Bh4 Bxg6 31. Bxe7 Bxh5 32. Rxh5 Re6 33. Bxc5 Rc6 34. b3
axb3 35. cxb3 b5 36. cxb5 Rc8 37. Kd2 Rb8 38. b6 Kf7 39. a4 Kg6 40. Rg5+ Kf7
41. Nd6+ Kf6 42. Rxg7 Kxg7 43. b7 e4 44. Ba7 exf3 45. gxf3 Rh8 46. Bxd4+ 1-0

[Event "Pohár města Říčany 2018"]
[Site "Městské kulturní středisko"]
[Date "2019.08.24"]
[Round "1.23"]
[White "Vilimova, Julie"]
[Black "Vit, Zdenek"]
[Result "1-0"]
[WhiteElo "1953"]
[BlackElo "1747"]
[PlyCount "61"]
[EventDate "2019.08.24"]

1. d4 Nf6 2. c4 g6 3. Nc3 d5 4. cxd5 Nxd5 5. e4 Nxc3 6. bxc3 Bg7 7. Be3 c5 8.
Qd2 cxd4 9. cxd4 O-O 10. Rd1 Nc6 11. d5 Na5 12. Bd4 b6 13. Bxg7 Kxg7 14. Bb5
Bd7 15. Bxd7 Qxd7 16. Qd4+ f6 17. Nf3 Rfc8 18. O-O Rc4 19. Qd3 Rac8 20. Nd4 Qa4
21. Qe3 h5 22. e5 Qe8 23. f4 f5 24. Qg3 Kh7 25. Qg5 Rd8 26. Rd3 Rxd5 27. Nxf5
gxf5 28. Rxd5 e6 29. Rd8 Qf7 30. Rfd1 Rc7 31. Rh8+ 1-0

[Event "Pohár města Říčany 2018"]
[Site "Městské kulturní středisko"]
[Date "2019.08.24"]
[Round "1.25"]
[White "Maly, Filip"]
[Black "Dubnicka, Augustin"]
[Result "1-0"]
[WhiteElo "1941"]
[BlackElo "1734"]
[PlyCount "47"]
[EventDate "2019.08.24"]

1. e4 c5 2. Nf3 d6 3. d4 cxd4 4. Nxd4 a6 5. Nc3 Nc6 6. Be3 Nf6 7. f3 e5 8. Nb3
Be6 9. Qd2 d5 10. exd5 Nxd5 11. Nxd5 Bxd5 12. O-O-O Bxb3 13. axb3 Be7 14. Qxd8+
Rxd8 15. Rxd8+ Bxd8 16. Bc4 O-O 17. Rd1 Na5 18. Be2 Be7 19. Rd7 Bb4 20. Kb1 Rc8
21. c3 Bf8 22. b4 Nc6 23. Rxb7 Ra8 24. Bc4 1-0

[Event "Pohár města Říčany 2018"]
[Site "Městské kulturní středisko"]
[Date "2019.08.24"]
[Round "1.27"]
[White "Voracek, Zdenek"]
[Black "Strnad, Michael"]
[Result "1/2-1/2"]
[WhiteElo "1938"]
[BlackElo "1726"]
[PlyCount "97"]
[EventDate "2019.08.24"]

1. d4 Nf6 2. c4 g6 3. Nc3 d5 4. cxd5 Nxd5 5. e4 Nxc3 6. bxc3 Bg7 7. Bc4 c5 8.
Ne2 O-O 9. O-O Nc6 10. Be3 Qc7 11. Rc1 Rd8 12. Bf4 Qd7 13. Qb3 e6 14. Bb5 a6
15. Qa4 Ra7 16. Bxc6 Qxc6 17. Qxc6 bxc6 18. Rb1 Rad7 19. Bg5 f6 20. Be3 a5 21.
Rb6 cxd4 22. Nxd4 Rc7 23. Rfb1 c5 24. Nxe6 Bxe6 25. Rxe6 Kf7 26. Ra6 Rd3 27.
Rxa5 Rxc3 28. Kf1 Ke6 29. Bf4 Rd7 30. Ra6+ Kf7 31. Ke1 c4 32. Ra4 Re7 33. f3 f5
34. Bg5 Re8 35. Ra7+ Kg8 36. Rbb7 Bd4 37. Re7 Rb8 38. Rab7 Rxb7 39. Rxb7 fxe4
40. fxe4 Rc2 41. Rc7 c3 42. Rc8+ Kf7 43. Rd8 Bf2+ 44. Kd1 Rxa2 45. Rc8 Bd4 46.
Rc7+ Kg8 47. Rc4 Rxg2 48. Bf4 Rg4 49. Rc8+ 1/2-1/2

[Event "Pohár města Říčany 2018"]
[Site "Městské kulturní středisko"]
[Date "2019.08.24"]
[Round "1.28"]
[White "Stork, Rostislav"]
[Black "Hadrava, Jaroslav"]
[Result "1-0"]
[WhiteElo "1724"]
[BlackElo "1937"]
[PlyCount "63"]
[EventDate "2019.08.24"]

1. e4 d6 2. d4 Nf6 3. Nc3 g6 4. f3 Bg7 5. Be3 O-O 6. Qd2 e5 7. O-O-O exd4 8.
Bxd4 Nc6 9. Be3 a6 10. Bh6 b5 11. Bxg7 Kxg7 12. g4 Be6 13. h4 h5 14. gxh5 Nxh5
15. Nge2 Qf6 16. f4 Rh8 17. f5 Bc4 18. Nf4 Nxf4 19. Bxc4 Ne5 20. Bxf7 Rxh4 21.
Rxh4 Qxh4 22. Bxg6 Nfxg6 23. Qd5 Rb8 24. fxg6 b4 25. Qa5 Rb6 26. Na4 Nc4 27.
Qf5 Qh6+ 28. Kb1 Na3+ 29. bxa3 Rb5 30. Qf7+ Kh8 31. g7+ Qxg7 32. Rh1+ 1-0

[Event "Pohár města Říčany 2018"]
[Site "Městské kulturní středisko"]
[Date "2019.08.24"]
[Round "1.29"]
[White "Toulec, Stanislav"]
[Black "Dunder, Ondrej"]
[Result "0-1"]
[WhiteElo "1930"]
[BlackElo "1717"]
[PlyCount "126"]
[EventDate "2019.08.24"]

1. Nf3 d5 2. c4 Nf6 3. d4 Bf5 4. Nc3 e6 5. Bg5 Be7 6. e3 Nbd7 7. Bd3 Bxd3 8.
Qxd3 dxc4 9. Qxc4 O-O 10. O-O h6 11. Bxf6 Nxf6 12. Rfd1 c6 13. a4 a5 14. e4 Qb6
15. h3 Rfd8 16. Qe2 Bb4 17. Na2 c5 18. Nxb4 Qxb4 19. Qc2 cxd4 20. e5 Rac8 21.
Qd3 Nh7 22. Qb5 Qxb5 23. axb5 b6 24. Nxd4 Rc5 25. Nc6 Rxd1+ 26. Rxd1 g5 27. g3
Rxb5 28. Rd7 Nf8 29. Rb7 Ng6 30. Nd8 Nxe5 31. f4 gxf4 32. gxf4 Nd3 33. Nxf7 h5
34. f5 exf5 35. Nd6 Rxb2 36. Nxf5 b5 37. Ne7+ Kf8 38. Nc6 a4 39. Ra7 Ra2 40.
Rd7 Nf4 41. Rb7 Rb2 42. Ra7 Ne2+ 43. Kf1 Nc3 44. Ke1 b4 45. h4 a3 46. Nxb4 Rxb4
47. Rxa3 Nb1 48. Rh3 Rb2 49. Rf3+ Kg7 50. Rf5 Kg6 51. Rg5+ Kh6 52. Rc5 Rh2 53.
Rc6+ Kg7 54. Kf1 Nd2+ 55. Kg1 Nf3+ 56. Kf1 Nxh4 57. Rc3 Kg6 58. Kg1 Rd2 59. Kh1
Kg5 60. Rg3+ Kf4 61. Rg1 Nf3 62. Rg4+ Ke3 63. Re4+ Kf2 0-1

[Event "Pohár města Říčany 2018"]
[Site "Městské kulturní středisko"]
[Date "2019.08.24"]
[Round "1.31"]
[White "Cermak, Jan"]
[Black "Feierfeil, Jiri"]
[Result "1-0"]
[WhiteElo "1912"]
[BlackElo "1671"]
[PlyCount "105"]
[EventDate "2019.08.24"]

1. e4 c5 2. Nf3 d6 3. Bb5+ Bd7 4. Bxd7+ Qxd7 5. d3 e6 6. O-O Be7 7. c4 Nc6 8.
Nc3 Nf6 9. a3 O-O 10. Rb1 a5 11. Nb5 e5 12. Bd2 b6 13. Bc3 Ne8 14. Ne1 f5 15.
exf5 Qxf5 16. Nc2 Qd7 17. Ne3 Nf6 18. f4 Rad8 19. Qf3 Nd4 20. Bxd4 exd4 21. Nd5
Nxd5 22. Qxd5+ Kh8 23. Rbe1 Rf6 24. f5 Rdf8 25. Re6 g6 26. Rxf6 Rxf6 27. g4 Kg7
28. Re1 gxf5 29. gxf5 Bf8 30. Re6 Rxe6 31. fxe6 Qe7 32. Qf5 Qf6 33. Qg4+ Qg6
34. Qxg6+ hxg6 35. Nc7 Kf6 36. Kg2 Be7 37. Nd5+ Kxe6 38. Nxb6 Bg5 39. b3 Bd8
40. Nd5 g5 41. Kf3 Kf5 42. h3 Bf6 43. Nxf6 Kxf6 44. Ke4 Ke6 45. a4 Kf6 46. Kd5
Kf5 47. Kxd6 Kf4 48. Kxc5 Ke3 49. Kb5 Kxd3 50. c5 Ke2 51. c6 d3 52. c7 d2 53.
c8=Q 1-0

[Event "Pohár města Říčany 2018"]
[Site "Městské kulturní středisko"]
[Date "2019.08.24"]
[Round "1.1"]
[White "Neuman, Petr"]
[Black "Reljic, Michael"]
[Result "1-0"]
[WhiteElo "2392"]
[BlackElo "1890"]
[PlyCount "35"]
[EventDate "2019.08.24"]
[WhiteClock "0:41:17"]
[BlackClock "1:23:41"]

1. d4 {[%emt 0:00:02]} d5 {[%emt 0:00:09]} 2. c4 {[%emt 0:00:03]} e6 {[%emt 0:
00:10]} 3. Nc3 {[%emt 0:00:05]} c6 {[%emt 0:00:35]} 4. e4 {[%emt 0:00:29]} Bb4
{[%emt 0:10:11]} 5. Bd2 {[%emt 0:00:13]} dxe4 {[%emt 0:07:20]} 6. Nxe4 {
[%emt 0:00:31]} Qxd4 {[%emt 0:11:58]} 7. Bxb4 {[%emt 0:00:18]} Qxe4+ {[%emt 0:
00:08]} 8. Be2 {[%emt 0:00:05]} Nd7 {[%emt 0:03:15]} 9. Nf3 {[%emt 0:01:12]} c5
{[%emt 0:01:17]} 10. Bc3 {[%emt 0:00:22]} Ngf6 {[%emt 0:02:12]} 11. Qd6 {
[%emt 0:01:50]} b6 {[%emt 0:05:28]} 12. Nd2 {[%emt 0:02:25]} Qf5 {[%emt 0:04:
46]} 13. Bf3 {[%emt 0:01:07]} Rb8 {[%emt 0:00:09]} 14. Bc6 {[%emt 0:02:22]} Kd8
{[%emt 0:08:40]} 15. Bxf6+ {[%emt 0:02:11]} gxf6 {[%emt 0:00:12]} 16. Bxd7 {
[%emt 0:00:09]} Bxd7 {[%emt 0:01:08]} 17. Qxb8+ {[%emt 0:00:10]} Ke7 {[%emt 0:
00:05]} 18. Qg3 {[%emt 0:02:13]} 1-0

[Event "Pohár města Říčany 2018"]
[Site "Městské kulturní středisko"]
[Date "2019.08.24"]
[Round "1.2"]
[White "Kovar, Jan"]
[Black "Vojta, Tomas"]
[Result "0-1"]
[WhiteElo "1885"]
[BlackElo "2363"]
[PlyCount "102"]
[EventDate "2019.08.24"]

1. e4 d5 2. exd5 Nf6 3. Bb5+ Nbd7 4. Nf3 Nxd5 5. d4 c6 6. Be2 N7f6 7. O-O Bg4
8. h3 Bh5 9. c4 Nb6 10. b3 e6 11. Be3 Be7 12. Nc3 O-O 13. Ne5 Bxe2 14. Qxe2
Nbd7 15. Rad1 Qa5 16. Nxd7 Nxd7 17. Ne4 Rad8 18. a4 Nf6 19. Nc5 Qc7 20. Qf3 b6
21. Ne4 Rd7 22. Bf4 Qb7 23. Be5 Nxe4 24. Qxe4 Rfd8 25. Qg4 g6 26. Qf3 Qc8 27.
Rd3 f6 28. Qg4 fxe5 29. Qxe6+ Kg7 30. Rf3 Rf8 31. Rxf8 Bxf8 32. Qxe5+ Kg8 33.
Qe6+ Kh8 34. Re1 Rd8 35. Qf6+ Bg7 36. Qf7 Rf8 37. Qxa7 Qf5 38. f3 Bxd4+ 39. Kh1
Qf4 40. Qe7 Rf7 41. Qe8+ Kg7 42. Re4 Qc1+ 43. Re1 Qd2 44. Re2 Qd3 45. Qe4 Qxe4
46. Rxe4 Bc5 47. Re6 Rf6 48. Re4 Kf7 49. f4 Rd6 50. Re2 Rd1+ 51. Kh2 Rb1 0-1

[Event "Pohár města Říčany 2018"]
[Site "Městské kulturní středisko"]
[Date "2019.08.24"]
[Round "1.4"]
[White "Tejkal, Jiri"]
[Black "Mladek, Richard"]
[Result "0-1"]
[WhiteElo "1881"]
[BlackElo "2266"]
[PlyCount "76"]
[EventDate "2019.08.24"]

1. d4 Nf6 2. Nf3 g6 3. c4 Bg7 4. Nc3 O-O 5. e4 d6 6. Be2 e5 7. O-O Nc6 8. d5
Ne7 9. b4 Nh5 10. g3 f5 11. Ng5 Nf6 12. c5 h6 13. Ne6 Bxe6 14. dxe6 fxe4 15.
cxd6 cxd6 16. Qb3 d5 17. b5 d4 18. Na4 d3 19. Bd1 Kh7 20. b6 Nf5 21. bxa7 Rxa7
22. Ba3 Re8 23. Bc5 Nd4 24. e7 Rxe7 25. Qb2 b5 26. Bxa7 Rxa7 27. Nc5 Qc8 28.
Nb3 Nf3+ 29. Kg2 Nd5 30. Nd2 Qg4 31. Kh1 Qh3 32. Bxf3 exf3 33. Nxf3 e4 34. Nd4
Ra4 35. Qxb5 Rxd4 36. a4 Nc3 37. Qb7 Rxa4 38. Rfc1 d2 0-1

[Event "Pohár města Říčany 2018"]
[Site "Městské kulturní středisko"]
[Date "2019.08.24"]
[Round "1.6"]
[White "Lhotsky, Frantisek"]
[Black "Svatos, Jan"]
[Result "1-0"]
[WhiteElo "1865"]
[BlackElo "2232"]
[PlyCount "37"]
[EventDate "2019.08.24"]

1. d4 Nf6 2. c4 e6 3. g3 c5 4. Nf3 b6 5. Bg2 Bb7 6. O-O cxd4 7. Qxd4 Bc6 8. Qh4
Be7 9. Bg5 h6 10. Nc3 O-O 11. Rad1 hxg5 12. Nxg5 Nh5 13. f4 g6 14. g4 Kg7 15.
gxh5 Rh8 16. h6+ Kg8 17. h7+ Kg7 18. Rd3 f6 19. Rdf3 1-0

[Event "Pohár města Říčany 2018"]
[Site "Městské kulturní středisko"]
[Date "2019.08.24"]
[Round "1.8"]
[White "Cervenka, Petr"]
[Black "Novotny, Martin"]
[Result "1/2-1/2"]
[WhiteElo "1850"]
[BlackElo "2178"]
[PlyCount "100"]
[EventDate "2019.08.24"]

1. e4 c5 2. Nc3 Nc6 3. g3 g6 4. Bg2 Bg7 5. d3 e5 6. f4 d6 7. Nge2 Nge7 8. O-O
O-O 9. Be3 f5 10. Qd2 Be6 11. fxe5 Nxe5 12. Nf4 Bf7 13. Nfd5 Nxd5 14. Nxd5 Bxd5
15. exd5 c4 16. d4 Ng4 17. Bf4 Qb6 18. c3 Rfe8 19. Rae1 Ne5 20. Kh1 Nd3 21. Re6
Qxb2 22. Qxb2 Nxb2 23. Rfe1 Kf7 24. Bxd6 Bf8 25. Bxf8 Kxf8 26. Rb1 Na4 27. Rxb7
Rab8 28. Rxe8+ Rxe8 29. Bf1 Nxc3 30. Bxc4 Re1+ 31. Kg2 Rd1 32. Rxa7 Rxd4 33.
Bb3 Ke8 34. Rxh7 Nxd5 35. Rg7 Ne7 36. Kf3 Kf8 37. Rh7 Re4 38. h3 Nc6 39. Rb7
Nd4+ 40. Kf2 Re2+ 41. Kf1 Re8 42. Rb4 Nxb3 43. Rxb3 Re4 44. Rd3 Kf7 45. Rd6 Re3
46. Kf2 Rc3 47. a4 Ra3 48. a5 g5 49. h4 gxh4 50. gxh4 Rh3 1/2-1/2

[Event "Pohár města Říčany 2018"]
[Site "Městské kulturní středisko"]
[Date "2019.08.24"]
[Round "1.9"]
[White "Zvolensky, David"]
[Black "Elias, Jakub"]
[Result "0-1"]
[WhiteElo "2152"]
[BlackElo "1836"]
[PlyCount "64"]
[EventDate "2019.08.24"]

1. e4 c5 2. Nf3 d6 3. d4 cxd4 4. Nxd4 Nf6 5. Nc3 a6 6. Be2 e6 7. Be3 Be7 8. O-O
Qc7 9. f4 O-O 10. Bf3 Nc6 11. a4 Bd7 12. Nb3 b6 13. Qe1 Rab8 14. g4 Bc8 15. g5
Nd7 16. Qg3 Re8 17. Bg4 Nc5 18. Nxc5 bxc5 19. b3 Nb4 20. Qg2 Bf8 21. Rad1 Bb7
22. Bc1 g6 23. Nb1 Bg7 24. Bf3 Rbd8 25. f5 exf5 26. exf5 Bxf3 27. Rxf3 gxf5 28.
Rxf5 Re5 29. Rf6 Rde8 30. Kf1 Qe7 31. Qf2 Re2 32. Qg3 Qe4 0-1

[Event "Pohár města Říčany 2018"]
[Site "Městské kulturní středisko"]
[Date "2019.08.24"]
[Round "1.10"]
[White "Prochazka, Jaroslav"]
[Black "Otruba, Marek"]
[Result "1/2-1/2"]
[WhiteElo "1833"]
[BlackElo "2133"]
[PlyCount "57"]
[EventDate "2019.08.24"]

1. c4 e6 2. g3 d5 3. Bg2 Nf6 4. d4 Be7 5. Nf3 O-O 6. cxd5 exd5 7. O-O c6 8. Nc3
Bf5 9. Nh4 Be6 10. Nf3 Nbd7 11. Qc2 Re8 12. Ng5 Bg4 13. e4 h6 14. Nf3 dxe4 15.
Nxe4 Nxe4 16. Qxe4 Nf6 17. Qd3 Be6 18. Rd1 Bd5 19. Bf4 Qb6 20. b3 Be4 21. Qc4
Rad8 22. Ne5 Bd5 23. Bxd5 Rxd5 24. Rd3 Bd6 25. Ng6 Ne4 26. Re1 Re6 27. Bxd6
Nxd6 28. Rxe6 Nxc4 29. Re8+ 1/2-1/2

[Event "Pohár města Říčany 2018"]
[Site "Městské kulturní středisko"]
[Date "2019.08.24"]
[Round "1.12"]
[White "Stepanek, Svatopluk"]
[Black "Vystrcil, Martin"]
[Result "0-1"]
[WhiteElo "1822"]
[BlackElo "2106"]
[PlyCount "100"]
[EventDate "2019.08.24"]

1. d4 Nf6 2. Nc3 d6 3. e4 e5 4. dxe5 dxe5 5. Qxd8+ Kxd8 6. Bc4 Be6 7. Bxe6 fxe6
8. Be3 Bd6 9. f3 Ke7 10. Nh3 Nbd7 11. O-O-O c6 12. Nf2 b5 13. Nd3 a5 14. Rd2
Bb8 15. Rhd1 Ba7 16. Bxa7 Rxa7 17. h3 h5 18. Re1 h4 19. Rf2 g5 20. Rd2 Nh5 21.
Nd1 c5 22. Ne3 c4 23. Nf2 Rc8 24. Nfg4 Rc5 25. Red1 Nf4 26. Nf2 b4 27. Rg1 c3
28. Rdd1 Ne2+ 29. Kb1 Nxg1 30. Rxg1 cxb2 31. Kxb2 Rac7 32. g3 Nb6 33. gxh4 Nc4+
34. Nxc4 Rxc4 35. Rc1 gxh4 36. Ng4 R7c5 37. Nf2 Kd6 38. Rd1+ Rd4 39. Nd3 Rc8
40. Rg1 Rdc4 41. Rg2 Rf8 42. Ne1 Rc3 43. Rg4 Re3 44. Rg1 Re2 45. Rh1 Kc7 46.
Kb3 Kb6 47. Ka4 Rxf3 48. Nxf3 Re3 49. c3 Rxc3 50. Nxe5 Ra3# 0-1

[Event "Pohár města Říčany 2018"]
[Site "Městské kulturní středisko"]
[Date "2019.08.24"]
[Round "1.13"]
[White "Zizka, Petr"]
[Black "Bartos, Vaclav"]
[Result "1-0"]
[WhiteElo "2081"]
[BlackElo "1809"]
[PlyCount "49"]
[EventDate "2019.08.24"]

1. b3 e5 2. Bb2 d6 3. e3 Nc6 4. Nf3 g6 5. d4 Bg7 6. dxe5 Nxe5 7. Nxe5 Bxe5 8.
Bxe5 dxe5 9. Qxd8+ Kxd8 10. Bc4 Ke7 11. Nc3 Nf6 12. f4 exf4 13. O-O Be6 14.
Rxf4 Bxc4 15. bxc4 Ne8 16. Nd5+ Kf8 17. Raf1 f5 18. e4 c6 19. Ne3 Ng7 20. exf5
gxf5 21. Nxf5 Nxf5 22. Rxf5+ Ke8 23. Rf7 Rb8 24. Rc7 h6 25. Rff7 1-0

[Event "Pohár města Říčany 2018"]
[Site "Městské kulturní středisko"]
[Date "2019.08.24"]
[Round "1.14"]
[White "Nemecek, Pavel"]
[Black "Stanek, Ondrej"]
[Result "1/2-1/2"]
[WhiteElo "1801"]
[BlackElo "2047"]
[PlyCount "102"]
[EventDate "2019.08.24"]

1. e4 c6 2. Nc3 d5 3. Nf3 Bg4 4. h3 Bxf3 5. Qxf3 e6 6. d3 Nd7 7. Bd2 Ngf6 8. g4
h6 9. Bg2 Bd6 10. O-O-O d4 11. Ne2 Ne5 12. Qg3 Ng6 13. f4 e5 14. Qf2 exf4 15.
Qxd4 Nh4 16. e5 f3 17. exd6 fxg2 18. Rhg1 O-O 19. Qf2 Ng6 20. Rxg2 Qxd6 21. h4
Qe6 22. g5 Ng4 23. Qd4 h5 24. Ng3 Rad8 25. Qc3 Qe5 26. Nxh5 Qxc3 27. bxc3 N4e5
28. Rh1 Nf3 29. Nf4 Nxd2 30. Nxg6 fxg6 31. Kxd2 Rf4 32. Re2 Kf7 33. h5 gxh5 34.
Rxh5 Rd5 35. c4 Rdf5 36. Rh8 Kg6 37. Rb8 Rf7 38. Re5 R4f5 39. Rbe8 Kxg5 40.
R5e6 R5f6 41. R6e7 g6 42. Re5+ Rf5 43. Re4 Rg7 44. Ke3 Ra5 45. Kd4 Rd7+ 46. Kc3
Rf5 47. d4 Rf3+ 48. Kd2 Rf4 49. R8e5+ Kg4 50. Ke3 Rxe4+ 51. Kxe4 Rf7 1/2-1/2